[Event "Azerbaijan Championship 2022"]
[Site "Nakhchivan"]
[Date "2022.02.05"]
[Round "1.11"]
[White "Atakishiyev, Elmar"]
[Black "Shahaliyev, Ismayil"]
[Result "1/2-1/2"]
[WhiteElo "2240"]
[BlackElo "2380"]
[Annotator "TA"]
[PlyCount "87"]
[EventDate "2022.02.05"]
[EventCountry "AZE"]
[SourceTitle "playchess.com"]
[Source "ChessBase"]
[SourceQuality "1"]

{[%evp 21,87,0,0,0,43,0,0,0,0,0,0,14,237,238,297,291,280,284,377,397,387,391,400,382,398,402,396,381,381,371,414,329,320,316,492,492,464,339,329,322,271,182,149,39,102,109,166,62,66,0,174,173,174,168,158,94,126,0,155,0,114,37,27,22,33,0,64,60]} 1. d4 Nf6 2. c4 e6 3. g3 c5 4. d5 exd5 5. cxd5 d6 6. Nc3 g6 7. Bg2 Bg7 8. Nf3 O-O 9. O-O Re8 10. Bf4 Ne4 {10...Bf5 gains popularity.} 11. Nxe4 Rxe4 12. Nd2 {A62: Modern Benoni: Fianchetto Variation without early ...Nbd7.} Rb4 (12... Rxf4 $11 {was preferrable.} 13. gxf4 Bxb2) 13. a3 (13. Rb1 $14) 13... Rxf4 $1 $11 14. gxf4 {The position is equal.} Bxb2 15. Rb1 Bxa3 {A strong pair of Bishops.} 16. Ne4 {[#]} a5 $146 (16... Bb4 $11) ({Predecessor:} 16... Qe7 17. Rb3 Bb4 18. Re3 Bf5 19. Ng3 Qd7 20. Nxf5 Qxf5 21. Re8+ Kg7 22. Qa1+ f6 {1-0 (61) Stupak,K (2537)-Kowalczyk,P (2371) Gora Sw Anny 2016}) 17. Rb3 $1 $18 Bb4 18. Qa1 $1 Nd7 {Prevents Nf6+.} 19. Bh3 {aiming for Bxd7.} (19. Nxd6 Ra6 20. Nxc8 Qxc8 $11) 19... f5 {[#]} 20. Bxf5 $1 {[%mdl 512]} Nf8 {Prevents Be6+.} 21. Bxc8 (21. Nf6+ Kf7 22. Bxc8 Qxf6 23. Bxb7 (23. Qxf6+ Kxf6 24. Bxb7 Ra7 $16) 23... Re8 $16) 21... Rxc8 22. Rh3 (22. Nf6+ Kf7 23. Ne4 c4 $16) 22... c4 {[%cal Oc4c3]} 23. Nf6+ Kf7 24. Nxh7 c3 25. Ng5+ Ke8 26. Re3+ Kd7 27. Ne4 {[%cal Re4c3]} Qh4 (27... Kc7 $142 28. Nxc3 Kb8) 28. Nxc3 {Threatens to win with Nb5.} Qxf4 29. Nb5 {White wants to mate with Qg7+.} Qg5+ 30. Rg3 Qe5 31. Qd1 Rc5 32. Na3 ({Better is} 32. Nd4 $16) 32... Rxd5 {[#]} (32... Qxd5 $14 33. Qxd5 Rxd5) 33. Qb3 $1 $16 b5 {Inhibits Nc4.} (33... Qe4 $16 {is a better defense.}) 34. Re3 {The board is on fire.} (34. Qf3 $18 Qf5 35. Qg2) 34... Qg5+ $14 35. Rg3 (35. Kh1 $1 $14 Qf5 36. Rf3) 35... Qe5 $18 36. Nc2 {Ne3 is the strong threat.} Ne6 37. Nxb4 axb4 38. Re3 (38. Qxb4 $6 Nf4 $14) (38. Re1 $142) 38... Qg5+ 39. Rg3 Qe5 40. Re3 $2 ({Resist} 40. Qxb4 $6 Nf4 $14) ({White should try} 40. Qa2 $16) 40... Qd4 (40... Qg5+ $11 41. Rg3 Qf5) 41. Rd3 (41. Qb1 $16) 41... Qg4+ $14 42. Rg3 Qc4 {White must now prevent ...Nd4.} 43. Qf3 {Hoping for Qf7+.} (43. Qe3 $5 {[%cal Rg3g6]} Nf4 44. Kh1 $16) 43... Nd4 $1 {[%csl LRe2,LRf3]} 44. Qf7+ {Weighted Error Value: White=0.33/Black=0.33} 1/2-1/2

[Event "Azerbaijan Championship 2022"]
[Site "Nakhchivan"]
[Date "2022.02.05"]
[Round "1.12"]
[White "Gasimov, Parviz"]
[Black "Mammadov, Sadig"]
[Result "1-0"]
[WhiteElo "2379"]
[BlackElo "2220"]
[Annotator "TA"]
[PlyCount "109"]
[EventDate "2022.02.05"]
[EventCountry "AZE"]
[SourceTitle "playchess.com"]
[Source "ChessBase"]
[SourceQuality "1"]

{[%evp 23,109,55,39,46,39,31,67,72,71,80,67,58,64,69,73,85,116,126,239,210,234,118,110,108,114,129,127,94,104,43,98,106,136,143,154,126,142,150,197,131,150,127,206,224,291,285,340,315,327,265,430,436,424,406,522,413,408,443,424,406,443,450,462,444,423,389,494,477,646,608,778,761,839,838,819,835,1374,1354,1788,1749,1576,1572,1903,1905,2473,2477,2921,2329]} 1. e4 e6 2. d4 d5 3. Nd2 Nf6 4. e5 Nfd7 5. Bd3 c5 6. c3 Nc6 7. Ne2 {[%cal Bg1e2,Be2g3,Bg3h5][%mdl 32]} cxd4 8. cxd4 f6 9. exf6 Qxf6 10. Nf3 h6 11. O-O Bd6 12. Ng3 O-O (12... Nxd4 $2 13. Nxd4 O-O 14. Nb5 $18) 13. Bc2 {C06: French Tarrasch: 3...Nf6 4 e5 Nfd7 5 Bd3 main lines.} Rf7 14. Nh5 Qd8 15. Re1 {White is slightly better.} (15. Qd3 Nf8 $11) 15... Nf8 16. Ne5 $1 Nxe5 17. dxe5 Bc5 18. Be3 d4 19. Bf4 {[%cal Oe1e3] And now Re3! would win.} d3 20. Bxd3 {[%cal Od3h7] [#]} Qd4 $146 (20... Kh8 $16 {was worth a try.} 21. Be3 Qb6 22. Bxc5 Qxc5) ({Predecessor:} 20... Rd7 21. Qg4 Kh8 22. Be4 Qb6 23. Bg3 Rf7 24. Nf4 Bd7 25. Ng6+ Kg8 26. Nxf8 Bxf2+ 27. Bxf2 Qxf2+ {1-0 (43) Ozer,O (2341)-Vasiesiu,V (2254) Sochi 2016}) 21. Qc2 {Black must now prevent Re4. Active counter play!} Bb6 22. Be4 (22. Re4 $1 $18 {[%cal Re4d4]} Qd8 23. Rd1) 22... Bd7 $16 23. Rad1 (23. Bxb7 Ba4 24. b3 Rxb7 $14) 23... Qb4 24. a3 Qb5 25. Bd3 Qa4 {[#]} 26. Qd2 ({White should try} 26. Be3 $1 $16) 26... Bc6 (26... Rd8 $14) 27. Be3 Qg4 {[%csl Gc6][%cal Rg4g2]} 28. Ng3 Bc7 29. f4 Rd8 30. Qe2 Qh4 (30... Qxe2 $16 31. Bxe2 (31. Nxe2 Ba4 $14) 31... Rxd1 32. Bxd1 (32. Rxd1 g5 $16) 32... Bb6) 31. Bc4 (31. Ne4 $18) 31... Rxd1 32. Rxd1 {aiming for f5.} ({Don't play} 32. Qxd1 $6 Bb6 $11) 32... g6 {Prevents f5.} (32... Bb6 $16) 33. b4 $18 {[%cal Bb2b4,Bb4b5][%mdl 32] Hoping for b5.} Ba4 {[#]} 34. Rf1 Kh8 35. b5 Qe7 36. Qd3 ({Don't do} 36. Bxa7 Qxa3 37. Be3 Bc2 $18) 36... Bb6 $2 (36... Qd7 {keeps fighting.} 37. Ne4 (37. Bxa7 b6 $18) 37... Qxd3 38. Bxd3 Rd7) 37. Bxb6 axb6 38. Ne4 {Prevents Qc5+.} Qc7 39. Qd4 Rd7 40. Nd6 Qc5 41. Qxc5 bxc5 42. g4 Rg7 43. Rc1 b6 44. Kf2 Re7 45. Re1 {White is clearly winning.} Bc2 46. Ke3 g5 47. f5 Ba4 48. Kd2 Kh7 49. Kc3 exf5 50. gxf5 Nd7 51. e6 Nf6 52. Nc8 {[%csl LRb6,LRe7]} Rc7 53. Nxb6 Bxb5 54. Bxb5 Rb7 {[#]} 55. Nd7 $1 {Weighted Error Value: White=0.17 (very precise) /Black=0.37} 1-0

[Event "Azerbaijan Championship 2022"]
[Site "Nakhchivan"]
[Date "2022.02.06"]
[Round "2.1"]
[White "Durarbayli, Vasif"]
[Black "Muradli, Mahammad"]
[Result "1-0"]
[WhiteElo "2615"]
[BlackElo "2528"]
[Annotator "TA"]
[PlyCount "95"]
[EventDate "2022.02.05"]
[EventCountry "AZE"]
[SourceTitle "playchess.com"]
[Source "ChessBase"]
[SourceQuality "1"]

{[%evp 16,95,46,28,47,35,30,19,41,32,43,29,50,43,44,-49,45,10,145,33,39,22,64,62,82,44,66,58,59,66,122,29,135,49,75,30,135,23,25,31,30,39,35,43,111,118,278,241,403,380,351,393,385,380,387,378,400,397,362,268,468,262,304,135,619,617,600,594,804,797,1349,1295,1295,1232,1145,1144,4132,2208,29974,29972,6407,5265]} 1. e4 c5 2. Nf3 d6 3. d4 cxd4 4. Nxd4 Nf6 5. Nc3 Nc6 6. Bg5 e6 7. Qd2 a6 8. O-O-O Bd7 9. Kb1 Nxd4 {B67: Sicilian: Richter-Rauzer: 7...a6 8 0-0-0 Bd7, lines without 9 f4 Be7.} 10. Qxd4 Be7 11. f3 (11. Bxf6 {is more complex.} Bxf6 12. Qxd6 Bc6 13. Qc5 Qc7 14. h4) 11... Qc7 {The position is equal.} 12. g4 h5 13. gxh5 $1 Nxh5 14. Bxe7 {14.Bxe7 is setting a new trend.} Kxe7 {[#]} 15. e5 $5 $146 {[%mdl 8] New and interesting.} (15. Rg1 $14) ({Predecessor:} 15. Rg1 g6 16. Qd2 Nf6 17. f4 Rh5 18. Rg5 Rah8 19. e5 Ne8 20. Ne4 d5 21. Rxh5 Rxh5 {0-1 (48) Giri,A (2776)-Vachier Lagrave,M (2758) chess24.com INT 2021}) 15... d5 (15... dxe5 $15 16. Qb4+ Ke8) 16. Rg1 {Strongly threatening f4.} Bc6 (16... Rac8 $11 {keeps the balance.}) 17. Bh3 ({White should play} 17. f4 $1 $16) 17... g6 $14 18. Bg4 Kf8 (18... Ng7 $11) 19. f4 {[%cal Of4f5]} Ng7 {To avoid f5} 20. Qf2 Qe7 21. h3 b5 22. Ne2 {[%cal Oh3h4]} b4 (22... a5 $14) 23. Nd4 (23. h4 $1 $16) 23... Bd7 (23... Rc8 $11 {remains equal.}) 24. Rc1 {White is more active.} (24. h4 $1 $16) 24... Rc8 25. Qd2 ({White should try} 25. h4 $1 $16) 25... Kg8 (25... a5 $11) 26. c3 (26. h4 $16) 26... bxc3 $11 27. Rxc3 Rxc3 28. Qxc3 Kh7 29. Qd2 Rc8 {[#]} (29... Ba4 $14) 30. h4 $1 $16 {[%cal Oh4h5]} Rc4 $2 {[#]} (30... f5 $16) 31. h5 $1 $18 {Be2 is the strong threat.} Qb4 $2 (31... Qc5 {was called for.}) 32. hxg6+ fxg6 33. Qh2+ Kg8 {[#]} 34. a3 $1 Qf8 35. Rd1 Kf7 36. Be2 ({Not} 36. Qh7 Qg8 37. Qh4 Ke8 $18) 36... Ra4 37. Qg1 Bb5 (37... Kg8 38. Qg5 (38. Qxg6 Qxf4 39. Bd3 Rxd4 $18) 38... Nf5) 38. Bg4 (38. Nxb5 $142 {Intending Nd6+ and mate.} axb5 39. Bxb5) 38... Bd7 39. Rc1 (39. Qg3 $18) 39... Qb8 $2 {[%mdl 8192] Black cannot hold the game after this.} (39... Rc4 $16) 40. Bd1 {aiming for Bc2.} Rc4 41. Bc2 Nf5 42. Nxf5 gxf5 43. Qh2 {Threatening mate with Qh7+.} ({Less strong is} 43. Qg5 Qg8 $16) 43... Qf8 44. Rg1 Ke8 45. Qh7 Rxc2 46. Rg8 {Qg6+ would kill now.} Rc7 47. Qg6+ Ke7 48. Qg5+ {Weighted Error Value: White=0.35/Black=0.84} 1-0

[Event "Azerbaijan Championship 2022"]
[Site "Nakhchivan"]
[Date "2022.02.06"]
[Round "2.2"]
[White "Ahmadzada, Ahmad"]
[Black "Mamedov, Nidjat"]
[Result "1/2-1/2"]
[WhiteElo "2467"]
[BlackElo "2604"]
[Annotator "TA"]
[PlyCount "37"]
[EventDate "2022.02.05"]
[EventCountry "AZE"]
[SourceTitle "playchess.com"]
[Source "ChessBase"]
[SourceQuality "1"]

{[%evp 15,37,29,18,21,17,20,35,12,31,30,46,32,38,34,45,38,73,42,41,0,75,0,47,0]} 1. e4 e5 2. Nf3 Nf6 3. Nxe5 d6 4. Nf3 Nxe4 5. d3 Nf6 6. d4 Be7 7. Bd3 Bg4 8. O-O O-O 9. h3 {C42: Petroff Defence: 3 Nxe5 and unusual White 3rd moves.} Bh5 10. Re1 Re8 11. c3 {[#]} Nc6 $146 ({Predecessor:} 11... Nbd7 12. Bf4 Nf8 13. Nbd2 c6 14. Qb3 Qd7 15. a4 Bg6 16. Bc4 Rad8 17. a5 d5 {½-½ (25) Barski,R (2432)-Grabarczyk,M (2408) Zgierz 2018}) 12. Bf4 Bf8 13. Rxe8 Qxe8 14. Nbd2 Qd7 15. Qb3 Na5 16. Qa3 {White is much more active. Black has bad knights.} Nc6 17. Qb3 Na5 18. Qa3 Nc6 19. Qb3 {Weighted Error Value: White=0.16 (very precise) /Black=0.07 (flawless)} (19. Rc1 $14) 1/2-1/2

[Event "Azerbaijan Championship 2022"]
[Site "Nakhchivan"]
[Date "2022.02.06"]
[Round "2.3"]
[White "Babazada, Khazar"]
[Black "Iskandarov, Misratdin"]
[Result "0-1"]
[WhiteElo "2427"]
[BlackElo "2566"]
[Annotator "TA"]
[PlyCount "112"]
[EventDate "2022.02.05"]
[EventCountry "AZE"]
[SourceTitle "playchess.com"]
[Source "ChessBase"]
[SourceQuality "1"]

{[%evp 14,112,32,24,29,29,32,14,55,75,83,70,71,66,83,22,56,48,53,36,36,21,34,0,0,0,0,8,14,0,28,13,19,18,31,0,48,14,4,0,0,0,0,0,0,0,0,0,0,0,0,0,0,6,7,0,0,0,0,0,3,3,4,-48,-48,-48,-48,-48,-48,-48,-48,-48,-48,-48,-42,-42,-42,-227,-220,-212,-113,-118,-129,-118,-100,-105,-100,-114,-100,-117,-108,-33,-120,-153,-129,-222,-214,-223,-221,-218,-127]} 1. e4 c5 2. Nf3 d6 3. d4 cxd4 4. Nxd4 Nf6 5. Nc3 a6 6. h3 g6 7. g4 Bg7 8. Bg2 Nc6 {B90: Sicilian Najdorf: Unusual White 6th moves, 6 Be3 Ng4 and 6 Be3 e5.} 9. Be3 O-O 10. Qd2 Na5 $5 {[%mdl 4] 10...Nxd4 gains popularity. A promising side line.} (10... Nd7 $11) 11. b3 $1 $14 Bd7 12. O-O {[#]} Rc8 $146 ({Predecessor:} 12... Nc6 13. Nde2 Qa5 14. a3 Rac8 15. f4 h5 16. b4 Qd8 17. g5 Nh7 18. Rac1 b5 {1-0 (41) Haslinger,S (2529)-Brodsky,M (2530) Hoogeveen 2009}) 13. Rac1 Nc6 14. Rfd1 ({White should try} 14. Nde2 $1 $16) 14... h5 15. g5 Ne8 16. Nce2 Nxd4 17. Nxd4 b5 18. f4 e5 19. Ne2 exf4 20. Nxf4 Be6 {To avoid c4} (20... Qxg5 21. Ne6 $1 Qg3 22. Bf2 $1 $16 (22. Nxf8 Bxh3 23. Qf2 Qxf2+ 24. Kxf2 Bg4 $14)) 21. h4 Be5 22. Rf1 Ng7 23. Bd4 Qc7 24. c3 Qa5 (24... a5 $11) 25. Qf2 (25. Nxe6 Nxe6 26. Qf2 Nxd4 27. cxd4 Rxc1 28. Rxc1 Bg7 $15) 25... Qa3 26. Nd3 Bxd4 27. cxd4 Bc4 28. bxc4 Qxd3 29. cxb5 Rxc1 30. Rxc1 axb5 31. d5 {Inhibits Ne6.} Ne8 32. Rc8 Qb1+ 33. Kh2 Qa1 34. Qg3 Qxa2 35. e5 Qa6 36. Rc6 Qb7 37. exd6 {Strongly threatening Bh3.} b4 38. Bh3 ({Better is} 38. Qe3 $11 b3 39. Qb6 Qxb6 40. Rxb6 Nxd6 41. Rxb3) 38... b3 $15 39. d7 {[#]} b2 $1 {[%cal Oe8f6] White must now prevent ...Nf6!} 40. d8=Q {Inhibits Nf6.} (40. dxe8=Q Rxe8 41. Rc7 Re2+ 42. Bg2 Rxg2+ $1 {[%mdl 512]} 43. Kxg2 Qxd5+ 44. Qf3 Qxf3+ 45. Kxf3 b1=Q $19) (40. Rc8 b1=Q) 40... b1=Q {To avoid Rb6. And now ...Q7b2+ would win.} 41. Rc8 $1 Q7b2+ 42. Bg2 {aiming for Rb8.} Qd4 $1 {( -> ...Qdg1+)} 43. Qd7 (43. Qe7 $2 Qdg1+ 44. Kh3 Qf5+) 43... Qbg1+ 44. Kh3 Qge3 {Really sharp!} 45. Qxe3 (45. Rd8 $1 $15) 45... Qxe3+ $19 46. Kh2 {[#]} Qf4+ (46... Qe5+ $1 $19 47. Kg1 (47. Kh3 $2 Nd6 $19) 47... Nd6 48. Rxf8+ Kxf8 49. Qd8+ Kg7) 47. Kg1 $17 {[#]} ({Don't go for} 47. Kh3 $2 Nd6 48. Rxf8+ Kxf8 49. Qd8+ Kg7 $19) 47... Nd6 48. Rxf8+ Kxf8 49. Qa7 {To avoid Qd4+} Qxh4 50. Qb8+ Ne8 51. Qe5 Qb4 {To avoid d6} 52. Qh8+ Ke7 {Hoping for ...Qe1+.} 53. Qe5+ Kd8 54. Bh3 (54. Kh2 $17) 54... Qd6 $19 {Black is clearly better.} 55. Qd4 Qg3+ 56. Bg2 Ke7 {Weighted Error Value: White=0.14 (very precise) /Black=0.07 (flawless)} ({And not} 56... Qxg5 57. Qb6+ Ke7 58. Qc5+ Kf6 59. Qc6+ Ke7 60. Qc5+ Kf6 61. Qc6+ Ke7 62. Qc5+ $11) 0-1

[Event "Azerbaijan Championship 2022"]
[Site "Nakhchivan"]
[Date "2022.02.06"]
[Round "2.4"]
[White "Suleymanli, Aydin"]
[Black "Ibrahimli, Murad"]
[Result "1-0"]
[WhiteElo "2530"]
[BlackElo "2418"]
[Annotator "TA"]
[PlyCount "49"]
[EventDate "2022.02.05"]
[EventCountry "AZE"]
[SourceTitle "playchess.com"]
[Source "ChessBase"]
[SourceQuality "1"]

{[%evp 9,49,-18,0,-6,-6,-6,-3,-11,6,0,4,0,0,0,0,-26,-20,-27,-24,-16,-20,-23,-39,-50,49,57,64,72,66,68,350,322,351,327,462,443,465,462,470,458,491,482]} 1. d4 Nf6 2. Nf3 e6 3. Bf4 Be7 4. Nbd2 Nh5 5. e3 d6 {[#]} 6. h4 $146 {A46: 1 d4 Nf6 2 Nf3 e6: Torre, London and Colle Systems.} ({Predecessor:} 6. Bd3 Nd7 7. O-O O-O 8. h3 Nxf4 9. exf4 g6 10. Re1 c5 11. dxc5 Nxc5 12. Bf1 {0-1 (37) Zavialov,V (2155)-Panbukchian,V (2359) Golden Sands 2012}) 6... Nxf4 7. exf4 Nd7 8. Bd3 {The position is equal.} Nf6 9. c3 b6 10. O-O Bb7 11. Re1 O-O 12. f5 exf5 13. Bxf5 g6 14. Bc2 a6 15. Bb3 {aiming for Qe2.} Qd7 16. Ng5 {[%cal Bf3g5,Bg5e6,Be6f8,Bf8d7,Bd7b8][%mdl 32]} Rae8 {[#]} (16... Nh5 $15) 17. Ne6 $1 $14 Qc6 {[%csl Gb7][%cal Rc6g2] [#]} 18. d5 $1 $36 {[%mdl 2048] Black is under strong pressure. Active counter play!} Nxd5 19. Nxf8 Ne3 $2 {[%mdl 8192] Black cannot hold the game after this.} 20. Qf3 $18 Nf5 21. Nd7 Kg7 (21... Qxf3 {might work better.} 22. Nf6+ (22. gxf3 Bc6 $16) 22... Kf8 23. Nxh7+ (23. Nxf3 Bxf6 24. Ng5 Rxe1+ 25. Rxe1 h5 $16) (23. Nd7+ Kg7 $18) 23... Kg7 24. Nxf3 Bxf3) 22. Bc2 {White is clearly winning.} Nxh4 23. Qxc6 Bxc6 {[#] This bishop pair is nice.} 24. Nb8 {[%mdl 512]} Bb7 {[#]} (24... Bxg2 25. Nxa6) 25. g3 $1 {Weighted Error Value: White=0.04 (flawless) /Black=0.52} 1-0

[Event "Azerbaijan Championship 2022"]
[Site "Nakhchivan"]
[Date "2022.02.06"]
[Round "2.5"]
[White "Safarli, Eltaj"]
[Black "Gasimov, Parviz"]
[Result "1-0"]
[WhiteElo "2597"]
[BlackElo "2379"]
[Annotator "TA"]
[PlyCount "115"]
[EventDate "2022.02.05"]
[EventCountry "AZE"]
[SourceTitle "playchess.com"]
[Source "ChessBase"]
[SourceQuality "1"]

{[%evp 11,115,13,17,19,9,17,27,26,24,12,28,31,21,29,24,27,41,42,41,34,44,50,57,58,42,41,50,45,85,45,51,39,41,39,53,46,45,42,44,0,0,0,21,24,88,82,73,87,102,103,110,100,150,138,185,168,215,207,211,216,219,167,173,140,139,105,186,184,197,195,191,185,174,176,254,290,306,287,337,287,333,331,331,316,260,210,305,312,408,387,857,830,1012,1011,939,784,1015,984,1806,1598,1494,1418,7533,6095,12845,9928]} 1. e4 e6 2. d4 d5 3. Nd2 c5 4. Ngf3 cxd4 5. Nxd4 Nf6 {[%cal Bg8f6,Bf6d5,Bd5b4][%mdl 32]} 6. exd5 Nxd5 {The modern move.} 7. Bd3 {C07: French Tarrasch: 3...c5, 4 Ngf3 and 4 exd5 Qxd5.} Nb4 {[#]} 8. Bb5+ $146 ({Predecessor:} 8. N2f3 Nxd3+ 9. Qxd3 Bd7 10. Bf4 Nc6 11. O-O-O Nxd4 12. Nxd4 Qb6 13. Rhe1 O-O-O 14. Qc3+ Qc5 {1-0 (24) Safarli,E (2667)-Dochev,D (2399) Rio Achaea 2018}) 8... Bd7 9. a3 {White has an edge.} Nd5 10. c4 Nf6 11. N2f3 a6 12. Bxd7+ Nbxd7 13. O-O Qc7 14. Qe2 $1 Bd6 15. b4 O-O 16. c5 Bf4 17. g3 Bxc1 18. Raxc1 Rfe8 19. Rfe1 g6 20. c6 bxc6 21. Rxc6 Qb7 22. Rec1 Rec8 {To avoid Rc7} 23. Ne5 Nxe5 24. Qxe5 Rxc6 25. Rxc6 (25. Nxc6 $14 {was preferrable.} Nd5 26. Rc5) 25... Rd8 $11 26. Rc4 Nd5 ({Don't take} 26... Ng4 27. Qg5 Qd5 28. Qxd5 exd5 29. Rc6 $16) (26... Ne8 {feels hotter.} 27. Rc1 Rd5 28. Qe3 a5 29. Qc3 axb4 30. axb4 Nd6) 27. h4 Qb8 (27... Ne7 $11 {keeps the balance.}) 28. Qxb8 $16 {White is more active.} Rxb8 {[%mdl 4096] Endgame KRN-KRN} 29. Rc6 Ra8 30. Nb3 Ne7 {[#]} 31. Rd6 Nf5 {[#]} (31... Nd5 $142) 32. Rb6 $1 Kf8 (32... e5 $16 {is a better defense.} 33. a4 Nd4) 33. a4 $18 Ne7 (33... Kg7 $142 34. a5 Ne7) 34. Nc5 Nd5 35. Rxa6 Rc8 36. Nd3 Rc3 37. Ne5 {Threatens to win with b5.} Nxb4 38. Ra7 f6 (38... Rc1+ $16 39. Kg2 (39. Kh2 Rc2 $16) 39... f6) 39. Nd7+ Ke7 40. Nc5+ $1 Ke8 41. Nxe6 Rc6 42. Nd4 Ra6 (42... Rc1+ {keeps fighting.} 43. Kg2 Rd1) 43. Rxa6 ({Don't do} 43. Rxh7 $6 Rxa4 44. Nb5 Nd3 $16) 43... Nxa6 {KN-KN} 44. Kg2 Ke7 45. Kf3 Kd6 46. Ke3 Kd5 47. Nb3 Nb4 48. Nd2 {Ne4 is the strong threat.} h6 (48... Nc6 $142 49. Ne4 Ke5) 49. a5 f5 50. Nf3 Na6 $2 (50... Kd6 51. Nd4 Nd5+ 52. Kd3 Nf6) 51. Nd4 {White is clearly winning.} Nb4 52. h5 gxh5 53. Nxf5 Ke5 54. Nxh6 Kf6 55. Ke4 Kg5 56. Nf7+ Kg4 57. Ne5+ Kh3 58. Nd3 {Weighted Error Value: White=0.06 (flawless) /Black=0.22 (precise)} 1-0

[Event "Azerbaijan Championship 2022"]
[Site "Nakhchivan"]
[Date "2022.02.06"]
[Round "2.6"]
[White "Abbasov, Farid"]
[Black "Eynullayev, Atilla"]
[Result "1-0"]
[WhiteElo "2527"]
[BlackElo "2324"]
[Annotator "TA"]
[PlyCount "119"]
[EventDate "2022.02.05"]
[EventCountry "AZE"]
[SourceTitle "playchess.com"]
[Source "ChessBase"]
[SourceQuality "1"]

{[%evp 11,119,7,26,9,32,8,18,13,27,31,22,18,24,14,13,12,10,10,9,11,16,8,15,13,8,3,24,24,23,30,27,28,69,82,82,84,114,82,115,114,113,114,128,120,129,128,128,128,128,128,135,128,185,127,128,124,252,128,128,128,128,128,150,172,191,191,191,181,176,154,160,148,164,0,175,175,183,0,0,0,179,168,245,225,308,307,306,266,270,246,450,414,413,348,339,287,262,170,637,639,604,576,840,792,1237,1330,1243,1295,1254,1148]} 1. c4 Nf6 2. Nc3 e5 3. g3 d5 4. cxd5 Nxd5 5. Bg2 Nxc3 6. bxc3 Bc5 7. Qa4+ {A22: English Opening: 1...e5 2 Nc3 Nf6.} Qd7 8. Qxd7+ (8. Qe4 {seems wilder.} Qe7 9. Nf3 Nc6 10. O-O f6 11. Rd1) 8... Nxd7 9. Nf3 {[#] The position is equal.} O-O $146 ({Predecessor:} 9... c6 10. O-O O-O 11. d4 exd4 12. cxd4 Bb6 13. a4 Re8 14. e3 Nf6 15. Bd2 Bf5 {1-0 (34) Vandorffy,J-Rozinov,B ICCF corr 1978}) 10. d4 Bd6 11. a4 (11. O-O {is more complex.} Rb8 12. a4 a5 13. e3 b6 14. Rd1) 11... a5 12. Ba3 Bxa3 13. Rxa3 Re8 14. e3 Rb8 15. O-O b6 16. Rb1 Bb7 17. Nd2 Bxg2 18. Kxg2 Rbd8 19. Nc4 Kf8 20. Rab3 f6 21. Rb5 exd4 (21... h5 $11) 22. cxd4 $14 ({But not} 22. exd4 g6 $11) 22... Re6 23. Rc1 Rc6 24. g4 Re8 25. Kg3 Re4 26. Rc2 g6 27. Kf3 Re7 28. h4 Kg7 29. Kf4 Re8 30. f3 Re7 31. e4 Rf7 (31... Re8 $16 32. Rbb2 Rh8) 32. h5 (32. Ke3 $1 $18) 32... Rf8 33. Ke3 {White is more active.} g5 (33... Re6 $16 34. d5 Re7) 34. Kd3 ({White must play} 34. d5 $1 $18 {[%cal Rd5c6]} Rc5 35. Rxc5 Nxc5 36. Nxa5 $1 {[%mdl 512]}) 34... Rd8 35. Kc3 Kf7 36. Kb3 Re6 37. Kb2 Re7 38. Ne3 Nb8 39. Rc4 Red7 40. Kc3 Na6 41. Nd5 {Inhibits Nb4.} Kg7 42. Ne3 $2 ({White should play} 42. Rb1 $18) 42... Nb4 $2 (42... Kf7 $1 $11 {and Black has nothing to worry.}) 43. Nf5+ $18 Kf7 44. Nh6+ Kg7 $1 45. Nf5+ Kf7 $1 {White now steadily converts the win.} 46. Kb3 Nd3 (46... Na6 $142 47. d5 Nb4) 47. Rc6 Nb4 48. Rxb4 axb4 {[%mdl 4096] Endgame [#] KRR-KRN} 49. d5 $1 Rb8 50. Nd4 Rb7 $2 (50... Ke7 {was called for.} 51. Nb5 (51. Kxb4 Rf8 $16) 51... Rf8) 51. Kxb4 Kg7 52. Nb5 Re7 53. Rc3 Rd7 54. Rc4 {Black must now prevent Rc6.} Kh6 $2 (54... Rf7 55. Nd4 Kf8) 55. Nd4 {[%cal Rd4f5] White is clearly winning.} Kg7 56. Nc6 {Inhibits Ra7.} b5 57. axb5 Rb6 58. Kc5 Rb7 59. Ra4 Rd6 60. Ra8 {Weighted Error Value: White=0.17 (very precise) /Black=0.35} 1-0